[Event "Sydney NSW op"]
[Site "Sydney"]
[Date "2025.06.07"]
[Round "2"]
[White "Horikawa, Masaki"]
[Black "Nguyen, Vu Ky Anh"]
[Result "1/2-1/2"]
[WhiteElo "1902"]
[BlackElo "2223"]
[PlyCount "49"]
[EventDate "2025.06.06"]
[EventType "swiss"]
[EventRounds "7"]
[EventCountry "AUS"]
[SourceTitle "CB24_2025"]
[SourceDate "2025.06.11"]
[SourceVersion "1"]
[SourceVersionDate "2025.06.11"]
[SourceQuality "1"]

1. e4 e5 2. Nf3 Nc6 3. d4 exd4 4. c3 d5 5. exd5 Qxd5 6. cxd4 Bg4 7. Be2 0-0-0 8. Nc3 Bb4 9. 0-0 Qa5 10. Be3 Nf6 11. h3 Bh5 12. Qb3 Rhe8 13. Rfd1 Bxc3 14. bxc3 Qb6 15. Qc2 Bg6 16. Bd3 Nd5 17. Bd2 Qa6 18. Bxg6 hxg6 19. c4 Nb6 20. d5 Ne5 21. Nxe5 Rxe5 22. Bf4 Re7 23. Rac1 Qa3 24. d6 cxd6 25. c5 1/2-1/2

[Event "Sydney op"]
[Site "Sydney"]
[Date "2025.04.23"]
[Round "1"]
[White "Nguyen, Vu Ky Anh"]
[Black "Stopa, Jacek"]
[Result "0-1"]
[WhiteElo "2050"]
[BlackElo "2303"]
[PlyCount "112"]
[EventDate "2025.04.23"]
[EventType "swiss"]
[EventRounds "9"]
[EventCountry "AUS"]
[SourceTitle "CB18_2025"]
[SourceDate "2025.04.30"]
[SourceVersion "1"]
[SourceVersionDate "2025.04.30"]
[SourceQuality "1"]

1. Nf3 Nf6 2. c4 c5 3. Nc3 g6 4. e3 Bg7 5. d4 0-0 6. d5 d6 7. e4 e6 8. Be2 exd5 9. exd5 Bf5 10. 0-0 Ne4 11. Nxe4 Bxe4 12. Bd3 Bxf3 13. Qxf3 Nd7 14. Re1 Ne5 15. Qd1 Re8 16. Be3 Qh4 17. Qc2 f5 18. Be2 Re7 19. Rab1 Rae8 20. b4 b6 21. bxc5 bxc5 22. g3 Qh3 23. Qd2 h6 24. f4 Ng4 25. Bxg4 Qxg4 26. Kg2 g5 27. h3 Qh5 28. Bf2 Re2 29. Rxe2 Qxe2 30. Qxe2 Rxe2 31. Kf3 Rxa2 32. Rb3 g4+ 33. hxg4 fxg4+ 34. Kxg4 Rxf2 35. Rb7 a5 36. Ra7 Rc2 37. f5 Rxc4+ 38. Kh5 Rd4 39. g4 Bf8 40. g5 hxg5 41. f6 Rh4+ 42. Kxg5 Rh2 43. Kg6 Rg2+ 44. Kf5 c4 45. Rc7 c3 46. Rxc3 Rf2+ 47. Kg6 Rxf6+ 48. Kg5 Be7 49. Rc7 Kf7 50. Ra7 Rf2+ 51. Kg4 Ra2 52. Kf3 Kf6 53. Ke4 a4 54. Kd4 Rh2 55. Kc3 Rh4 56. Kd2 Bf8 0-1

[Event "Sydney-ch"]
[Site "Sydney"]
[Date "2024.07.09"]
[Round "8"]
[White "Nguyen, Vu Ky Anh"]
[Black "McNamara, Gary John"]
[Result "0-1"]
[WhiteElo "1562"]
[BlackElo "2070"]
[PlyCount "78"]
[EventDate "2024.07.06"]
[EventType "swiss"]
[EventRounds "9"]
[EventCountry "AUS"]
[SourceTitle "CBM 221 Extra"]
[Source "ChessBase"]
[SourceDate "2024.09.30"]
[SourceVersion "1"]
[SourceVersionDate "2024.09.30"]
[SourceQuality "1"]

1. d4 Nf6 2. Nf3 e6 3. c4 Bb4+ 4. Bd2 Qe7 5. e3 b6 6. Bxb4 Qxb4+ 7. Qd2 a5 8. Bd3 Bb7 9. Nc3 Qe7 10. e4 d6 11. e5 Nfd7 12. Qf4 dxe5 13. dxe5 Nc5 14. Bc2 Nc6 15. Rd1 Nb4 16. Bb1 Rd8 17. Ke2 h6 18. a3 Nba6 19. h4 f5 20. g4 Rxd1 21. Rxd1 Bxf3+ 22. Qxf3 0-0 23. gxf5 exf5 24. Qg3 Ne6 25. Nd5 Qc5 26. Nf6+ Kh8 27. Nd7 Qxc4+ 28. Bd3 Nf4+ 29. Kd2 Nxd3 30. Nxf8 Nac5 31. Ng6+ Kh7 32. Qg2 Nb3+ 33. Ke3 f4+ 34. Nxf4 Qd4+ 35. Kf3 Qxf4+ 36. Ke2 Qc4 37. Ke3 Qd4+ 38. Kf3 Nd2+ 39. Kg3 Qf4+ 0-1